Consejos para una compra segura por internet
Descripción Física:
1 fulletó desplegable : il·lustracions ; 20 cm
Materias:
Consumidors -- Protecció -- Dret i legislació
; Comerç electrònic -- Mesures de seguretat
; Comerç electrònic -- Dret i legislació
Idioma:
Español
MARC
| LEADER | 00000nam a22000007a 4500 | ||
|---|---|---|---|
| 001 | 25382 | ||
| 008 | 220503b spa||||| |||| 00| 0 spa d | ||
| 017 | |a DL B 3989-2020 | ||
| 080 | |a FU-68-46 | ||
| 245 | |a Consejos para una compra segura por internet | ||
| 260 | |a Barcelona : |b Diputació de Barcelona, Servei de Suport a les Polítiques de Consum, |c 2020 | ||
| 300 | |a 1 fulletó desplegable : |b il·lustracions ; |c 20 cm | ||
| 650 | 0 | |a Consumidors |x Protecció |x Dret i legislació |9 49778 | |
| 650 | 0 | |9 4744 |a Comerç electrònic |x Mesures de seguretat | |
| 650 | 0 | |a Comerç electrònic |x Dret i legislació |9 10431 | |
| 710 | 1 | |a Barcelona (Catalunya : Província). |b Servei de Suport a les Polítiques de Consum |9 52739 | |
| 942 | |2 udc |c ARXIU |n 1 | ||
| 952 | |0 0 |1 0 |2 udc |4 0 |6 FU6846 |7 1 |9 61461 |a Arxiu |b Arxiu |d 2022-05-03 |o FU-68-46 |p 25382 |r 2022-05-03 00:00:00 |w 2022-05-03 |y ARXIU | ||
| 999 | |c 81414 |d 81414 | ||